000 02248nab a2200253 i 4500
003 BR-BrBNA
005 20250903172716.0
008 250903b2021 bl.ar|pooa||| 00| 0 eng |
040 _aBR-BrBNA
_beng
072 _aF70
100 _aRodríguez, María Pía
100 _aMichlig, Andrea
245 _aMacrolichens from Chaco National Park (Chaco Province, Argentina)
500 _aPublicação on-line; Bibliography p. 11-13 (73 ref.); Summaries (En, Es)
520 _a Abstract A study of the macrolichens diversity from Chaco National Park was conducted. Thirty-six species were identified, three of which are recorded for the first time from Argentina (Dirinaria melanocapa, Pyxine petricola var. convexula, and P. pungens). Moreover, the distribution of 27 species in the country is extended, including new records for Chaco province and, additionally, for other provinces of the region. An identification key for species is here provided and the geographic distribution of each one in Argentina was revised. Key words: diversity, lichenized ascomycetes, protected area. Resumen Se realizó un estudio sobre la diversidad de macrolíquenes presentes en el Parque Nacional Chaco. Fueron identificadas 36 especies, de las cuales tres se registran por primera vez para Argentina (Dirinaria melanocarpa, Pyxine petricola var. convexula y P. pungens). Por otra parte, se amplía la distribución de 27 especies en el país, incluyendo nuevos registros para la provincia de Chaco y, adicionalmente, para otras provincias de la región. Se proporciona una clave para la identificación de especies y se actualizó la distribución geográfica actual en Argentina de cada una de ellas. Palabras clave: diversidad, ascomycetes liquenizados, área protegida.
650 _aBIODIVERSIDADE
650 _aTAXONOMIA
650 _aPARQUE NACIONAL DO CHACO
650 _aARGENTINA
773 0 _0709
_9357347
_dRio de Janeiro-RJ Jardim Botanico do Rio de Janeiro 1935
_o2025-5311
_tRodriguésia (Brazil)
_x0370-6583; 2175-7860 on-line
_gv. 72 p. 1-13; (2021)
_wBR2025001848
856 _uhttps://www.scielo.br/j/rod/a/tWNpVNpfNPBgkSZXLKjRWMq/?format=pdf&lang=en
942 _cANA
999 _c337973
_d337973